Normal view
MARC view
Entry Personal Name
001 - CONTROL NUMBER
- control field: 166969
003 - CONTROL NUMBER IDENTIFIER
- control field: OSt
005 - DATE AND TIME OF LATEST TRANSACTION
- control field: 20220923222503.0
008 - FIXED-LENGTH DATA ELEMENTS
- fixed length control field: 220923|| aca||aabn | a|a d
040 ## - CATALOGING SOURCE
- Original cataloging agency: OSt
- Transcribing agency: OSt
100 ## - HEADING--PERSONAL NAME
- Personal name: प्रसाद, वासुदेव नन्दन; प्रसाद, विश्वनाथ
670 ## - SOURCE DATA FOUND
- Source citation: Work cat.: (OSt)355975: प्रसाद, वासुदेव नन्दन; प्रसाद, विश्वनाथ, साहित्य का विश्लेषण, 1965
